| 000 | 01157nam a2200373 a 4500 | ||
|---|---|---|---|
| 001 | vtls000107150 | ||
| 003 | NLI | ||
| 005 | 20210601202725.0 | ||
| 008 | 101125s1962 enka 001 0 eng | ||
| 020 | _cPND 12.95 | ||
| 039 | 9 |
_y201011251205 _zVLOAD |
|
| 040 |
_aNLI _beng _cDataSoft _eAACR2 |
||
| 041 | 0 | _aeng | |
| 044 | _aenk | ||
| 082 | 0 | 4 | _a330.1 |
| 100 | 1 |
_aStonier, Alfred W. _9226427 |
|
| 245 | 1 | 2 |
_aA textbook of economic theory / _cby Alfred W. Stonier and Douglas C. Hague |
| 260 |
_aLondon : _bEnglish Language Book Society, _c1962 |
||
| 300 |
_avi, 513 p. : _bill. ; _c22 cm. |
||
| 500 | _aIncludes index | ||
| 500 | _aLibrary has 3 cops. | ||
| 650 | 0 |
_aEquilibrium (Ecomomics) _9226428 |
|
| 650 | 0 |
_aEconomics _92844 |
|
| 700 | 1 |
_aHague, Douglas C., _4jt. aut _9226429 |
|
| 887 | _a | ||
| 901 |
_a449507 _b12.02.1979 |
||
| 901 |
_a372346 _b12.07.1965 _9c2 |
||
| 901 |
_a331943 _b28.03.1960 _9(1) |
||
| 902 | _aE330.1 St72 | ||
| 949 |
_AVIRTUAITEM _D10000 _X100 _6PUR000449507ENG |
||
| 942 |
_2ddc _cBKS |
||
| 949 |
_AVIRTUAITEM _D10000 _X100 _6PUR000372346ENG |
||
| 949 |
_AVIRTUAITEM _D10000 _X100 _6PUR000331943ENG _9(1) |
||
| 999 |
_aVIRTUA00 _c112593 _d112593 |
||